Titul je dostupný aj v ... 

MARC
| LEADER | 00000nam a2200000 a 4500 | ||
|---|---|---|---|
| 001 | 000217310 | ||
| 005 | 20211210133456.0 | ||
| 008 | 040101s1972 ru e 000 0 rus d | ||
| 020 | |a (viaz.) | ||
| 040 | |a SVKKK |b slo |c SVKKK |e AACR2 | ||
| 041 | 0 | |a rus | |
| 044 | |a ru |c RU | ||
| 245 | 0 | 0 | |a Laboratornaja diagnostika virusnych boleznej životnych / |c V. N. Siurin ... [et al.]. |
| 250 | |a 1. izd. | ||
| 260 | |a Moskva : |b Kolos, |c 1972. | ||
| 300 | |a 414 s. | ||
| 700 | 1 | |a Siurin, V. N. |4 aut | |
| 910 | |a svkkk | ||
| 998 | |a BK | ||
| 090 | |g SCKHL |k Sklad Pribinova 2. posch. |a III.104712 |j 492939 |i 2720820576 |4 Zastaraná |s Vyradená | ||